000 00811nam a2200217 a 4500
003 0
005 20250306093225.0
008 090706s19uu xx uuu eng d
050 _aPGS LB 3011
_b.L767 2009
100 _aLiquigan, Jasmine Nikki Y.
245 _aProblems and needs of teachers on student discipline /
_cJasmine Nikki Y. Liquigan.
260 _aLas PiƱas City, Philippines :
_bSouthville International School and Colleges,
_c2009.
300 _a44 pages :
_billustrations ;
_c28 cm.
504 _aIncludes bibliographical references.
650 _aStudent discipline.
650 _aClassroom management.
650 _aSchool discipline
_vTeacher perspectives.
650 _aTeachers
_vChallenges in discipline.
650 _aBehavior management in education.
942 _2lcc
_cPASS
999 _c98189
_d98189